فن الإعلان وترويج المبيعات / (Record no. 14082)
[ view plain ]
| 000 -الفاتح | |
|---|---|
| حقل البيانات ثابتة الطول | 01291nam a22003257a 4500 |
| 003 - محدد رقم الضبط | |
| رقم الضبط | EG-ScBUE |
| 005 - وقت وتاريخ اخر تعامل مع التسجيلة | |
| رقم الضبط | 20210926115932.0 |
| 008 - عناصر البيانات ثابتة الطول - معلومات عامة | |
| حقل البيانات ثابتة الطول | 100614s2002 ua a f b 00 0 ara d |
| 017 ## - رقم الإيداع القانونى | |
| رقم الإيداع القانونى | 2001/5662 |
| 020 ## - الرقم الدولى المعيارى للكتب | |
| الرقم الدولى المعيارى للكتاب | 9770433659 |
| 040 ## - مصدر الفهرسة | |
| وكالة الفهرسة الأصلية | EG-ScBUE |
| لغة الفهرسة | ara |
| قواعد الوصف | rda |
| وكالة النسخ | EG-ScBUE |
| وكالة التعديل | EG-ScBUE |
| 082 04 - رقم تصنيف ديوى العشرى | |
| رقم التصنيف | 659.1 |
| رقم المادة | ع ط ي |
| رقم الطبعة | 22 |
| 100 1# - المدخل الرئيسى - إسم شخصى | |
| الإسم الشخصى | عطية، طاهر مرسي، |
| الدور | مؤلف. |
| 9 (RLIN) | 13672 |
| 245 10 - بيان العنوان | |
| العنوان | فن الإعلان وترويج المبيعات / |
| بيان المسئوليه,etc | دكتور طاهر مرسي عطية، أستاذ إدارة الأعمال كلية التجارة - بورسعيد، جامعة قناة السويس. |
| 264 #1 - النشر، التوزيع | |
| مكان الناشر او الموزع | القاهرة : |
| اسم الناشر او الموزع | دار النهضة العربية، |
| تاريخ النشر أو التوزيع | [2002] |
| 300 ## - الوصف المادى | |
| التعداد | 332 صفحة : |
| تفاصيل ماديه اخرى للوعاء | إيضاحيات ; |
| أبعاد الوعاء | 23 سم |
| 336 ## - نوع المحتوى | |
| source | rdacontent |
| Carrier Type Term | نص |
| Content Type Code | txt |
| 337 ## - نوع الوسيط | |
| source | rdamedia |
| Media Type Term | بدون وسيط |
| Media Type Code | n |
| 338 ## - نوع الحامل أو الناقل | |
| source | rdacarrier |
| Carrier Type Term | مجلد |
| Carrier Type Code | nc |
| 504 ## - تبصرة ببليوجرافية | |
| تبصرة ببليوجرافية,الخ | يشتمل على إرجاعات ببليوجرافية. |
| 541 ## - تبصرة المصدر المباشر للتزويد | |
| طريقة التزويد | Donation. |
| 650 #7 - المدخل الاضافى بالموضوع-مصطلح موضوعى | |
| 9 (RLIN) | 14738 |
| مصطلح موضوعي أو اسم جغرافي كعنصر مدخل | الإعلان. |
| مصدر الرأس أو المصطلح | BUEsh |
| 650 #7 - المدخل الاضافى بالموضوع-مصطلح موضوعى | |
| 9 (RLIN) | 14739 |
| مصطلح موضوعي أو اسم جغرافي كعنصر مدخل | التسويق. |
| مصدر الرأس أو المصطلح | BUEsh |
| 650 #7 - المدخل الاضافى بالموضوع-مصطلح موضوعى | |
| 9 (RLIN) | 14740 |
| مصطلح موضوعي أو اسم جغرافي كعنصر مدخل | الحملات الإعلانية. |
| مصدر الرأس أو المصطلح | BUEsh |
| 650 #7 - المدخل الاضافى بالموضوع-مصطلح موضوعى | |
| 9 (RLIN) | 14741 |
| مصطلح موضوعي أو اسم جغرافي كعنصر مدخل | الدعاية. |
| مصدر الرأس أو المصطلح | BUEsh |
| 651 #7 - المدخل الاضافى بالموضوع - اسم جغرافى | |
| مصدر الرأس أو المصطلح | BUEsh |
| 653 #7 - مصطلح تكشيفى غير مقيد | |
| مصطلح غير مقيد | BUEsh |
| Resource For college | BAEPS, Business Administration |
| Arrived date list | September2021 |
| 655 #7 - مصطلح تكشيفى-نوع/شكل | |
| مصدر المصطلح | BUEsh |
| التقسيم الفرعي الشكلي | Reading book |
| -- | 34232 |
| 942 ## - عناصر المدخل الإضافي( كوها) | |
| مصدر التصنيف او مخطط الترفيف | Dewey Decimal Classification |
| Koha [default] item type | Book - Borrowing |
| حالة التراجع | حالة الفقد | مصدر التصنيف او خطة الترفيف | تحديد مواد ( مجلدات مجمعه أو جزء أخر) | حالة تلف | ليس للاعارة | مجموعات كوها | المكان الدائم | المكان الحالي | موقع الترفيف | تاريخ الاكتساب | Source of acquisition | رقم الاستدعاء | الباركود | Date last seen | نوع الوعاء |
|---|---|---|---|---|---|---|---|---|---|---|---|---|---|---|---|
| Lost | Dewey Decimal Classification | Lost In Inventory_2015-8-23 | Donation-Gift | Central Library | Central Library | First floor | 14/06/2010 | Donation | 659.1 عطي | 000020396 | 01/07/2011 | Book - Borrowing | |||
| Dewey Decimal Classification | Donation-Gift | Central Library | Central Library | First floor | 25/09/2021 | Donation | 659.1 ع ط ي | 000050742 | 15/07/2025 | NB - Book (Non borrowing) |